Library Banner

A glossary of sociolinguistics (Record no. 38999)

MARC details
000 -LEADER
fixed length control field 00475nam a2200181Ia 4500
001 - CONTROL NUMBER
control field 39694
008 - FIXED-LENGTH DATA ELEMENTS--GENERAL INFORMATION
fixed length control field 140423s9999 xx 000 0 und d
020 ## - INTERNATIONAL STANDARD BOOK NUMBER
International Standard Book Number 0195219430
040 ## - CATALOGING SOURCE
Transcribing agency PK-LaUMT
082 ## - DEWEY DECIMAL CLASSIFICATION NUMBER
Classification number R 306.44014
Item number TRU-G
100 ## - MAIN ENTRY--PERSONAL NAME
Personal name Trudgill, Peter
245 #2 - TITLE STATEMENT
Title A glossary of sociolinguistics
Statement of responsibility, etc Trudgill, Peter
260 ## - PUBLICATION, DISTRIBUTION, ETC. (IMPRINT)
Place of publication, distribution, etc Oxford,USA:
Name of publisher, distributor, etc Oxford University Press,
Date of publication, distribution, etc 2003
300 ## - PHYSICAL DESCRIPTION
Extent 148 p.
546 ## - LANGUAGE NOTE
Language note EN
650 ## - SUBJECT ADDED ENTRY--TOPICAL TERM
Topical term or geographic name as entry element Sociolinguistics-Terminology
942 ## - ADDED ENTRY ELEMENTS (KOHA)
Koha item type Books
Holdings
Withdrawn status Lost status Damaged status Not for loan Home library Current library Date acquired Total Checkouts Full call number Barcode Date last seen Date checked out Price effective from Koha item type
        UMT Main Campus UMT Main Campus 2014-04-23 10 R 306.44014 TRU-G 42636 2021-10-06 2021-10-05 2014-05-05 Books